| 000 | 00000cam 2200000zi 4500 |
| 001 | 9.944208 |
| 003 | CaOODSP |
| 005 | 20251117104241 |
| 006 | m o d f |
| 007 | cr mn||||||||| |
| 008 | 241017t20242024oncbo ob f000 0 eng d |
| 020 | |a9780660740546 |
| 040 | |aCaOODSP|beng|erda|cCaOODSP |
| 043 | |an-cn--- |
| 086 | 1 |aCS16-510/2024-4E-PDF |
| 100 | 1 |aLantz, Nicholas, |eauthor. |
| 245 | 10|aUrban greenness : |bdata product specifications / |cby Nicholas Lantz. |
| 264 | 1|a[Ottawa] : |bStatistics Canada = Statistique Canada, |cNovember 21, 2024. |
| 264 | 4|c©2024 |
| 300 | |a1 online resource (17 pages) : |bmaps, photographs |
| 336 | |atext|btxt|2rdacontent |
| 337 | |acomputer|bc|2rdamedia |
| 338 | |aonline resource|bcr|2rdacarrier |
| 500 | |aIssued also in French under title: Verdure urbaine : spécifications de contenu informationnel. |
| 500 | |a"Census of Environment: spatial information products." |
| 504 | |aIncludes bibliographical references. |
| 520 | |a"This product is composed of two raster products that characterize the quantity and health of vegetation in urban areas: average NDVI and green/grey classification. Each year and product are individually stored as a single file resulting in 25 annual files for each product and 50 files in total. This enables users to choose the data and time period they require for their analytical purposes"--Data content and structure, page 11. |
| 650 | 0|aUrban plants|zCanada|xStatistics. |
| 650 | 0|aGeospatial data|zCanada. |
| 710 | 2 |aStatistics Canada, |eissuing body. |
| 775 | 08|tVerdure urbaine : |w(CaOODSP)9.944209 |
| 856 | 40|qPDF|s2.04 MB|uhttps://publications.gc.ca/collections/collection_2024/statcan/16-510-x2024004-eng.pdf |
| 856 | 4 |qHTML|sN/A|uhttps://www150.statcan.gc.ca/n1/pub/16-510-x/16-510-x2024004-eng.htm |
| 986 | |a16-510-X |